5HLuxD.jpg

KING HENRY VIII SENIOR AND PRIMARY SCHOOL LIBRARY OPAC

BIRDS OF PREY (Record no. 6001)

000 -LEADER
fixed length control field 00643nam a22002057a 4500
005 - DATE AND TIME OF LATEST TRANSACTION
control field 20260120154534.0
008 - FIXED-LENGTH DATA ELEMENTS--GENERAL INFORMATION
fixed length control field 260120b ||||| |||| 00| 0 eng d
020 ## - INTERNATIONAL STANDARD BOOK NUMBER
International Standard Book Number 9781786174574
040 ## - CATALOGING SOURCE
Transcribing agency KH8
082 ## - DEWEY DECIMAL CLASSIFICATION NUMBER
Classification number 590.2 KEL
100 ## - MAIN ENTRY--PERSONAL NAME
Personal name KELLY,MILES
Relator term AUTHOR
245 ## - TITLE STATEMENT
Title BIRDS OF PREY
260 ## - PUBLICATION, DISTRIBUTION, ETC.
Place of publication, distribution, etc. Barfield End Green,Thaxted,Essex,CM6 3PX,UK
Name of publisher, distributor, etc. Miles Kelly Publishing Ltd
Date of publication, distribution, etc. 2014
300 ## - PHYSICAL DESCRIPTION
Extent 23 pages
Other physical details Colour illustration
Dimensions 15cm x 20cm
520 ## - SUMMARY, ETC.
Summary, etc. Take a look inside this book and discover the answers to loads of fascinating questions.
650 ## - SUBJECT ADDED ENTRY--TOPICAL TERM
Topical term or geographic name entry element Juvenile Non Fiction
655 ## - INDEX TERM--GENRE/FORM
Genre/form data or focus term Prey
655 ## - INDEX TERM--GENRE/FORM
Genre/form data or focus term Science
942 ## - ADDED ENTRY ELEMENTS (KOHA)
Source of classification or shelving scheme
Koha item type Books - Non Ficton
Holdings
Withdrawn status Lost status Source of classification or shelving scheme Damaged status Not for loan Collection code Permanent Location Current Location Shelving location Date acquired Cost, normal purchase price Total Checkouts Full call number Barcode Date due Date last seen Date last checked out Cost, replacement price Price effective from Koha item type Public note
          Non-Fiction KH8 Primary School Library KH8 Primary School Library Non Fiction 2026-01-20 2.90 2 590.2 KEL KHPL000008220 2026-04-24 2026-04-16 2026-04-16 12.90 2026-01-20 Books - Non Ficton PRIMARY LIBRARY

Powered By KH8 IT Dept